Statistiques concernant Culture Générale - Série 1320

Cliquez ici pour prendre le quiz!

Statistiques générales

  • Ce quiz a été pris 44 fois
  • Le résultat moyen est 5 sur 10

Statistiques - réponses

Question Réponse % Correct
Quel est le légume orange préféré, de Bugs Bunny ?carotte
100%
De quel pays est originaire le fromage appelé "fribourg" ?Suisse
85%
En France, au Moyen Âge, que signifiaient les mots "oïl" au nord et "oc" au sud ?oui
63%
Quel département français a pour chef-lieu la ville de Niort ?Deux-Sèvres
50%
En 1973, quelle chanteuse délivre son “Message personnel”, sur une musique de Michel Berger ?Françoise Hardy
45%
Quel auteur français a écrit le roman libertin "Justine ou les Malheurs de la vertu", en 1791 ?marquis de Sade
45%
Quelle est l'unité monétaire de la Chine ?yuan
43%
Dans quel pays se trouve le Grand Lac des Esclaves ?Canada
35%
De quelle chaîne de montagnes, limite conventionnelle entre l'Europe et l'Asie, l'Elbrouz est-il le point culminant ?Caucase
33%
Dans quel département français se trouve le lac du Bourget ?Savoie
30%

Distribution des résultats

Percentile par nombre de réponses

% des personnes avec chaque résultat

Votre développement - résultats

Vous n’avez pas pris ce quiz